The NURBS book

שמור ב:
מידע ביבליוגרפי
מחבר ראשי:  Piegl, Les
פורמט: Sách
שפה:Undetermined
יצא לאור:  Springer  1997
נושאים:
תגים: הוספת תג
אין תגיות, היה/י הראשונ/ה לתייג את הרשומה!
Thư viện lưu trữ: Trung tâm Thư viện - Trường Đại học Công nghiệp TP. Hồ Chí Minh
LEADER 00456nam a2200157Ia 4500
001 UIH_06497
008 231011s9999 xx 000 0 und d
082 |a  620.0042 
100 |a  Piegl, Les 
245 0 |a  The NURBS book 
245 0 |c  Piegl, Les 
260 |b  Springer 
260 |c  1997 
650 |a  Thiết kế kỹ thuật;  
927 |a Sách 
980 |a Trung tâm Thư viện - Trường Đại học Công nghiệp TP. Hồ Chí Minh